000 02042 a2200205 4500
001 54308
005 20260407155814.0
008 260407a1990 arg spa d
003 AR-UNSa-BCEJYS
040 _aAR-UNSa-BCEJYS
_bspa
_cAR-UNSa-BCEJYS
080 _a339.18
_xAspectos económicos del comercio. Términos y condiciones de los negocios. Formas de intercambio y distribución de productos (Franquicia...)
245 1 0 _aFactoring y franchising
_pnuevas técnicas de dominio de los mercados exteriores
264 1 _aMadrid :
_bEdiciones Pirámide
_c1990
300 _a263 p.
_c22 cm.
505 _a1. Los orígenes comerciales del factoring - 2. La moderna técnica del factoring - 3. El factoring para la empresa en un entorno internacional - 4. Sistemas de factoring - 5. Los costos de la utilizacioón del factoring - 6. Panorama internacional del factoring - 7. Panorama del factoring en España - 8. Semejanzas del factoring con el franchising - 9. El poder de atracción de la franquicia - 10. Razones de su éxito en el comercio - 11. Las grandes mutuaciones modernas en el comercio - 12. Evolución en los establecimientos comerciales de la inversión y tamaños óptimos - 13. Lugar de la franquicia en el espectro comercial - 14. Ciclos de vida y franquicia - 15. La alternativa en un escenario altamente competitivo - 16. Los atractivos y problemas de una cadena de franquicia - 17. La estrategia global - 18. La implantación de establecimientos. Equipamientos y técnicas avanzadas - 19. La franquicia de exportación. Una técnica para invadir mercados - 20. El contrato internacional de franquicia - 21. Panorama sectorial de la franquicia en el mundo - 22. La franquicia en el sector alimentario - 23. El fast food y la restauración rápida en franquicia - 24. La franquicia internacional en el sector equipamiento personal y moda - 25. La franquicia en España - 26. La franquicia sin fronteras
041 _aspa
942 _cBK
590 _aniveau_biblio:m niveau_hierar:0
100 1 _aBescós Torres, Modesto
999 _c5477
_d5477